The child / (Record no. 14322)
[ view plain ]
| 000 -LEADER | |
|---|---|
| fixed length control field | 00373nam a2200145I 4500 |
| 040 ## - CATALOGING SOURCE | |
| Transcribing agency | MIA |
| 082 ## - DEWEY DECIMAL CLASSIFICATION NUMBER | |
| Classification number | 305 LIP 1934 A065 Or. |
| 100 1# - MAIN ENTRY--AUTHOR NAME | |
| Personal name | Nimkoff, Meyer F. |
| 245 14 - TITLE STATEMENT | |
| Title | The child / |
| 260 ## - PUBLICATION, DISTRIBUTION, ETC. (IMPRINT) | |
| Place of publication | Chicago, |
| -- | Philadelphia, |
| Name of publisher | J. B. Lippincott company |
| Year of publication | [c1934] |
| 300 ## - PHYSICAL DESCRIPTION | |
| Number of Pages | ix, 303 p. |
| Dimensions | 21 cm. |
| 650 #0 - SUBJECT ADDED ENTRY--TOPICAL TERM | |
| Topical Term | Child development. |
| 650 #0 - SUBJECT ADDED ENTRY--TOPICAL TERM | |
| Topical Term | Child psychology. |
| 942 ## - ADDED ENTRY ELEMENTS (KOHA) | |
| Koha item type | សៀវភៅភាសាអង់គ្លេស |
| 952 ## - LOCATION AND ITEM INFORMATION (KOHA) | |
| Withdrawn status [LOCAL, KOHA] | 0 |
| Permanent Location | Date acquired | Koha item type | Lost status | Shelving location | Barcode | Current Location | Full call number |
|---|---|---|---|---|---|---|---|
| Library Block A | 2017-10-12 | សៀវភៅភាសាអង់គ្លេស | A065 | A19059 | Library Block A | 305 LIP 1934 A065 Or. |